| 000 | 02104nam a2200409 a 4500 | ||
|---|---|---|---|
| 001 | ebr10439240 | ||
| 003 | CaPaEBR | ||
| 006 | m u | ||
| 007 | cr cn||||||||| | ||
| 008 | 091028s2010 maua sb 001 0 eng d | ||
| 010 | _z 2009043296 | ||
| 020 | _z9789004176652 (hardback : alk. paper) | ||
| 020 | _z9004176659 (hardback : alk. paper) | ||
| 020 | _z9789047430094 (e-book) | ||
| 040 |
_aCaPaEBR _cCaPaEBR |
||
| 035 | _a(OCoLC)700523722 | ||
| 041 | 1 |
_aeng _alat _hlat |
|
| 043 | _ae-uk--- | ||
| 050 | 1 | 4 |
_aQB215 _b.E116 2010eb |
| 082 | 0 | 4 |
_a681.1/11209420902 _222 |
| 100 | 1 | _aEagleton, Catherine. | |
| 245 | 1 | 0 |
_aMonks, manuscripts and sundials _h[electronic resource] : _bthe navicula in medieval England / _cby Catherine Eagleton. |
| 260 |
_aLeiden [Netherlands] ; _aBoston : _bBrill, _c2010. |
||
| 300 |
_ax, 292 p. : _bill. |
||
| 490 | 1 |
_aHistory of science and medicine library, _x1872-0684 ; _vv. 13 |
|
| 490 | 1 |
_aMedieval and early modern science ; _vv. 11 |
|
| 504 | _aIncludes bibliographical references and index. | ||
| 505 | 0 | _aMonks, manuscripts, and sundials : the navicula in medieval England -- Five fifteenth-century sundials -- Manuscript sources about the navicula -- Calendar tables and latitude lists -- Texts, instruments, diagrams and relations between them -- Using a sundial, understanding the heavens? -- The navicula and the organum ptolomei -- How sixteenth-century books redefined a medieval sundial. | |
| 533 |
_aElectronic reproduction. _bPalo Alto, Calif. : _cebrary, _d2013. _nAvailable via World Wide Web. _nAccess may be limited to ebrary affiliated libraries. |
||
| 650 | 0 |
_aSundials _xHistory _yTo 1500 _vSources. |
|
| 650 | 0 |
_aSundials _zGreat Britain _xHistory _vSources. |
|
| 655 | 7 |
_aElectronic books. _2local |
|
| 710 | 2 | _aebrary, Inc. | |
| 830 | 0 |
_aHistory of science and medicine library ; _vv. 13. |
|
| 830 | 0 |
_aHistory of science and medicine library. _pMedieval and early modern science ; _vv. 11. |
|
| 856 | 4 | 0 |
_uhttp://site.ebrary.com/lib/rucke/Doc?id=10439240 _zAn electronic book accessible through the World Wide Web; click to view |
| 999 |
_c133709 _d133709 |
||